000
00291nam a2200109Ia 4500
008
200302s9999 xx 000 0 und d
100
_a
Holle Hitchcock Becker
245
_a
Structural Competency for architects
260
_b
Routledge Taylor and Francis Group
260
_c
2015
300
_a
324
999
_c
6775
_d
6775